00600 2200217 4500001002100000005001500021035002000036007000300056008004100059020001800100082001000118084001600128100001800144245003300162260003500195500010300230650001600333856001700349990000800366990000800374INLIS00000000000018020220217085658 a0010-0222000058ta220217 g 0 ind  a9789796623976 a297.5 a297.5 KHA b0 aKhabib Basori1 aBerakhlak dengan Amaul husan aKlaten :bCempaka Putih,c2009 aBuku ini diuraikan secara ringkas dan dikemas dengan bahasa yang sederhana sehingga mudah dipahami 4aEtika Islam aKoleksi Umum a661 a662